000 00800nam a2200229 a 4500
001 57480
003 BD-RjUL
005 20211209080522.0
008 161210s1983 bg ||||| |||| 00| 0 ben d
020 _c: Tk.20.00
035 _a(BD-RjUL)57604
040 _aBD-RjUL
_bben
_cBD-RjUL
_dBD-RjUL
041 _aben
082 _223
_a297.27
_bHAI 1983
100 _aহক, তমিজুল
_9118504
245 1 0 _aইসলাম ও আধুনিক সমাজ /
_cতমিজুল হক
260 _aঢাকা :
_bসৈয়দ ফারুক আজম,
_c১৯৮৩
300 _a১৭৯ পৃ. ;
_c২১ সেমি.
650 _aইসলাম এবং সামাজিক বিজ্ঞান
_9125140
650 _aIslam and Social Science
_9125141
942 _2ddc
_cBK
999 _c57480
_d57480